[Event "Rethymno op 3rd"]
[Site "Rethymno"]
[Date "2011.07.11"]
[Round "1"]
[White "Papaikonomou, Dimitris"]
[Black "Faibisovich, Vadim Z"]
[Result "0-1"]
[WhiteElo "1682"]
[BlackElo "2409"]
[PlyCount "72"]
[EventDate "2011.07.11"]
[EventType "swiss"]
[EventRounds "9"]
[EventCountry "GRE"]
[SourceTitle "CBM 143 Extra"]
[Source "ChessBase"]
[SourceDate "2011.08.29"]
[SourceVersion "1"]
[SourceVersionDate "2011.08.29"]
[SourceQuality "1"]

1. d4 Nf6 2. c4 g6 3. g3 Bg7 4. Bg2 d5 5. cxd5 Nxd5 6. Nc3 Nxc3 7. bxc3 c5 8. Nf3 Nc6 9. e3 Qa5 10. Bd2 Qa6 11. dxc5 0-0 12. Nd4 Ne5 13. Be4 Qc4 14. Qe2 Qxc5 15. 0-0 Rb8 16. Rab1 a6 17. a4 Nc4 18. Rfd1 b5 19. axb5 axb5 20. Bd3 Bd7 21. Rb4 Rfc8 22. Rdb1 Be5 23. Bc1 Bd6 24. Bxc4 bxc4 25. Ba3 Rxb4 26. Bxb4 Qc7 27. Nb5 Bxb5 28. Bxd6 Qxd6 29. Rxb5 Qd3 30. Qb2 Kg7 31. Rb7 e6 32. Qb4 Qd1+ 33. Kg2 Qd5+ 34. Kf1 Rd8 35. Qe7 Qh1+ 36. Ke2 Qd1# 0-1